| 000 | 01001cad a22002175a 4500 | ||
|---|---|---|---|
| 001 | L153343 | ||
| 008 | 110712s2011 xxk 000 0 eng d | ||
| 020 | _a9781842196786 | ||
| 035 | _a(Sirsi) u153343 | ||
| 041 | 0 | _aeng | |
| 050 | 0 | 4 | _a711.58 $2 20 |
| 110 | 2 |
_aRoyal Institution of Chartered Surveyors _94900 |
|
| 245 | 0 | 0 |
_aGreen infrastructure in urban areas _bRICS information paper |
| 260 |
_aCoventry _bRICS _c2011 |
||
| 490 | _aRICS Information Paper | ||
| 520 | _aThis information provides RICS members with background information on the issues surrounding the delivery and promotion of green infrastructure. It provdes an overview of what green infrastructre is, the functions it can support, and refers to the various scales accross which it can be provided. The paper also provides general information on the impacts associated with green infrastructre. | ||
| 590 | _aKA NTK | ||
| 651 | 4 | _aUnited Kingdom | |
| 690 | _aBUILT ENVIRONMENT-SUSTAINABLE CONSTRUCTION | ||
| 942 |
_n0 _2ddc |
||
| 999 |
_c112478 _d112478 |
||